Jiao Xun ping zhuan /
Saved in:
| Main Author: | |
|---|---|
| Format: | Book |
| Language: | Chinese |
| Published: |
Yangzhou Shi :
Guangling shu she,
2005.
|
| Edition: | Di 1 ban. |
| Series: | Yangzhou xue pai cong shu..
|
| Subjects: | |
| Tags: |
Add Tag
No Tags, Be the first to tag this record!
|
| LEADER | 01255cam a2200373Ia 4500 | ||
|---|---|---|---|
| 001 | 011753699-7 | ||
| 005 | 20090629092959.0 | ||
| 008 | 051107s2005 cc ac 000 0bchi d | ||
| 020 | |a 7806940995 | ||
| 020 | |a 9787806940990 | ||
| 035 | 0 | |a ocm62228862 | |
| 040 | |a HUA |c HUA |d OCLCG |d HMY | ||
| 050 | 4 | |a CT3990.C453 |b L58 2005 | |
| 100 | 1 | |6 880-01 |a Liu, Jinhui. | |
| 245 | 1 | 0 | |6 880-02 |a Jiao Xun ping zhuan / |c Liu Jinhui zhu. |
| 250 | |6 880-03 |a Di 1 ban. | ||
| 260 | |6 880-04 |a Yangzhou Shi : |b Guangling shu she, |c 2005. | ||
| 300 | |a [14], 262 p., [2] p. of plates : |b ill., facsims. ; |c 21 cm. | ||
| 490 | 1 | |6 880-05 |a Yangzhou xue pai cong shu. | |
| 504 | |a Includes bibliographical references (p. [257]-259). | ||
| 600 | 1 | 0 | |6 880-06 |a Jiao, Xun, |d 1763-1820. |
| 650 | 0 | |a Scholars |z China |v Biography. | |
| 650 | 0 | |a Authors, Chinese |v Biography. | |
| 880 | 1 | |6 100-01 |a 刘瑾辉. | |
| 880 | 1 | 0 | |6 245-02 |a 焦循评传 / |c 刘瑾辉著. |
| 880 | |6 250-03 |a 第1版. | ||
| 880 | |6 260-04 |a 扬州市 : |b 廣陵书社, |c 2005. | ||
| 880 | 1 | |6 490-05 |a 扬州学派丛书. | |
| 880 | 1 | 4 | |6 600-06 |a 焦循, |d 1763-1820. |
| 830 | 0 | |6 880-55 |a Yangzhou xue pai cong shu.. | |
| 880 | 0 | |6 830-55 |a 扬州学派丛书.. | |
| 988 | |a 20081125 | ||
| 049 | |a HMYC |o d | ||
| 906 | |0 MH | ||


